Typographia Bratislavensis 1477-1918 Posonium : Prešporok : Pressburg : Pozsony : Bratislava

Bibliographic Details
Main Author: Telgársky, Jozef, 1919-1998 (Author)
Format: Book
Language:Slovak
German
PhysicalDescription:254 s. faksimile 15 cm
Published: Bratislava Univerzitná knižnica 1992
ISBN:8085170019
Subjects:

MARC

LEADER 00000cam a2200000 a 4500
001 vtls001224984
003 SK-MaSNL
005 20260425231634.0
008 240313s1992 xo ha g 00000 slo
015 |a SNBA2017/09 
020 |a 8085170019  |c 88,00 
035 |a SNK000171750 
035 |a urn:nbn:sk:snk-am3icnq 
035 |a urn:nbn:sk:snk-am00e3jy 
035 |a C1C0EF54-8DB1-4B99-B20B-8706F81112E5 
040 |a SNK  |b slo  |c SNK  |e AACR2 
041 0 |a slo  |a ger 
043 |a e-xo--- 
044 |a xo  |c SK 
072 7 |a 094  |x Staré tlače  |2 konspekt 
072 7 |a 655  |x Polygrafia. Vydavateľstvá a knižný obchod  |2 konspekt 
080 |a 094  |2 2001 
080 |a 655.322  |2 2001 
080 |a 655.15  |2 2001 
080 |a "1477/1918"  |2 2001 
080 |a (437.6-25)  |2 2001 
080 |a (083.824)  |2 2001 
100 1 |a Telgársky, Jozef,  |d 1919-1998  |4 aut  |9 37662 
245 1 0 |a Typographia Bratislavensis 1477-1918  |b Posonium : Prešporok : Pressburg : Pozsony : Bratislava  |c Jozef Telgársky 
260 |a Bratislava  |b Univerzitná knižnica  |c 1992 
300 |a 254 s.  |b faksimile  |c 15 cm 
546 |a Text aj v nemčine 
610 2 7 |a Univerzitná knižnica v Bratislave  |2 SNKKA  |9 192279 
648 7 |a 1477-1918  |2 SNKPH  |9 453791 
650 0 7 |a staré tlače  |2 SNKPH  |9 51683 
650 0 7 |a kníhtlač  |2 SNKPH  |9 30985 
650 0 7 |a Old prints  |2 SNKPHeng  |9 287174 
650 0 7 |a Letterpress printing  |2 SNKPHeng  |9 277913 
651 7 |a Bratislava (Slovensko)  |2 SNKPH  |9 14568 
651 7 |a Bratislava (Slovakia)  |2 SNKPHeng  |9 171234 
655 7 |a katalógy výstav  |2 SNKPH  |9 70445 
655 7 |a Exhibition catalogs  |2 SNKPHeng  |9 266232 
919 |a 80-85170-01-9 
958 |a OND 
958 |a SK 
999 |c 711305  |d 713235 
952 |a SNK  |b SNK  |y VYP  |7 0  |p 17A0810728  |o snkSE 9200 D1  |i snk2014/20847  |8 3  |g 4.00  |0 0  |1 0  |4 0  |d 2014-10-07  |l 0  |r 2026-02-23 21:32:00  |w 2026-02-23 
952 |a SNK  |b SNK  |y PREZ  |7 0  |p 17A0023892  |o snkSE 9200  |i snkK 1680/96  |8 3  |0 0  |1 0  |4 0  |d 1996-12-13  |f 1  |l 0  |r 2005-01-01 00:00:00  |w 2026-02-23